Analýza účtovnej závierky

Gespeichert in:
Bibliographische Detailangaben
1. Verfasser: Šlosárová, Anna
Körperschaft: Ekonomická univerzita v Bratislave
Weitere Verfasser: Blahušiaková, Miriama, 1980-, Farkaš, Richard, Sklenka, Miloš
Format: Buch
Sprache:Slowakisch
Veröffentlicht: Bratislava Wolters Kluwer 2017
Ausgabe:1. vyd.
Schriftenreihe:Ekonómia
Schlagworte:
Tags: Tag hinzufügen
Keine Tags, Fügen Sie das erste Tag hinzu!

MARC

LEADER 00000nam a2200000 4500
001 0228346
005 20240502073746.8
020 |a 978-80-8168-589-7 
041 0 |a slo 
044 |a SK 
245 1 0 |a Analýza účtovnej závierky  |c Anna Šlosárová, Miriama Blahušiaková ; recenzovali: Richard Farkaš, Miloš Sklenka 
250 |a 1. vyd. 
264 1 |a Bratislava  |b Wolters Kluwer  |c 2017 
300 |a 440 s. [25,17 AH] 
490 1 |a Ekonómia 
830 0 |a Ekonómia 
610 2 0 |a závierka účtovná 
610 2 0 |a knihy účtovné 
610 2 0 |a uzávierka účtovná 
610 2 0 |a inventarizácia 
610 2 0 |a účtovanie 
610 2 0 |a výsledok hospodársky 
610 2 0 |a dane z príjmov 
610 2 0 |a zápisy účtovné 
610 2 0 |a súvaha 
610 2 0 |a výkaz ziskov a strát 
610 2 0 |a analýza finančná 
610 2 0 |a ukazovatele finančné 
610 2 0 |a likvidita 
610 2 0 |a zadlženosť 
610 2 0 |a cash flow 
610 2 0 |a osnova účtová 
610 2 0 |a štandardy účtovné medzinárodné 
610 2 0 |a štandardy účtovné americké 
610 2 0 |a IFRS 
100 1 |a Šlosárová, Anna 
700 1 |a Blahušiaková, Miriama, 1980- 
700 1 |a Farkaš, Richard 
700 1 |a Sklenka, Miloš 
710 2 |a Ekonomická univerzita v Bratislave